| Tag |
First Indicator |
Second Indicator |
Subfields |
| LEADER |
00000cam a22000008a 4500 |
| 001 |
in00000034421 |
| 005 |
20151007060716.0 |
| 008 |
880329s1988 caua b 00110 eng |
| 010 |
|
|
|a 88012160
|
| 020 |
|
|
|a 0534094627
|
| 035 |
|
|
|a (OCoLC)17806497
|
| 035 |
|
|
|9 AAC1549AM
|
| 040 |
|
|
|a DLC
|c DLC
|d TXA
|d UtOrBLW
|
| 049 |
|
|
|a TXAM
|c [A11076312]
|
| 050 |
0 |
0 |
|a QC174.85.P45
|b D87 1988
|
| 082 |
0 |
|
|a 530.1/3
|2 19
|
| 100 |
1 |
|
|a Durrett, Richard,
|d 1951-
|
| 245 |
1 |
0 |
|a Lecture notes on particle systems and percolation /
|c by Richard Durrett.
|
| 264 |
|
1 |
|a Pacific Grove, CA :
|b Brooks/Cole Pub. Co.,
|c [1988]
|
| 264 |
|
4 |
|c ©1988
|
| 300 |
|
|
|a viii, 335 pages :
|b illustrations
|
| 336 |
|
|
|a text
|b txt
|2 rdacontent
|
| 337 |
|
|
|a unmediated
|b n
|2 rdamedia
|
| 338 |
|
|
|a volume
|b nc
|2 rdacarrier
|
| 504 |
|
|
|a Bibliography: pages [324]-333.
|
| 500 |
|
|
|a Includes index.
|
| 650 |
|
0 |
|a Percolation (Statistical physics)
|
| 650 |
|
0 |
|a Mathematical physics.
|
| 999 |
|
|
|a MARS
|
| 999 |
f |
f |
|s c8831e56-2b57-395b-9de5-4edaed62ae98
|i 82157158-234d-3872-8760-aaf1556ac027
|t 0
|
| 952 |
f |
f |
|p normal
|a Texas A&M University
|b College Station
|c Sterling C. Evans Library
|d Evans: Library Stacks
|t 0
|e QC174.85.P45 D87 1988
|h Library of Congress classification
|i unmediated -- volume
|m A14811076312
|
| 998 |
f |
f |
|a QC174.85.P45 D87 1988
|t 0
|l Evans: Library Stacks
|